000 00531nam a22001817a 4500
003 OSt
005 20220818133943.0
008 220818b |||||||| |||| 00| 0 eng d
020 _a06735228865
040 _cIFM Library
082 _a332
100 _aEaton, James W. (Editors)
_95607
245 _aReadings for the Economics of Money, Banking and Financila Markets
260 _aNew York
_bHarper Collins College Publishers
_c1993
300 _axiv, 435p.: ill.; 22cm
700 _aMishkin, Frederic S.
942 _cBK
_2ddc
_n0
999 _c20862
_d20862